00454nam a2200133 a 450000100100000000500170001000800410002704000250006808200220009324500960011526000550021130000270026650400270029300003108820200930062709.0110613s2005 dr a 000 0 spa d aDO-SdBNPbspacBNPHU axxxxbG943 BORRAR00aGuía ciudadana paral el acceso a la información pública en la República Dominicana. aSanto Domingo :bParticipación Ciudadana,c2005. a27 cm. :bil. ;c18 p. aBibliografía : p. 28